000
00295nam a2200133Ia 4500
100
_a
Sanders/ C.A.
942
_c
BK
654
_a
Foundry practice
245
_a
Foundry sand practice
260
_b
American colloid co.
_a
Illinois
_c
1973
082
_a
671.2
300
_a
826
546
_a
ENGLISH
999
_c
22533
_d
22533